00000000nam##2200000za#4500
0019.665133
003CaOODSP
00520220901140035
007ta
008150407|2002||||xxc|||||     f|0| 0 eng|d
040 |aCaOODSP|beng
041 |aeng
041 |afre
043 |an-cn---
0861 |aJ2-189/2002
1101 |aCanada.|bJustice Canada.
24510|aMarriage and legal recognition of same-sex unions : |ba discussion paper
260 |aOttawa - Ontario : |bJustice Canada |c2002.
300 |aEnglish text, 28p. ; |c28 cm.
500 |aContent: Message from the Minister.--Seeking people's views.--What are others doing?--What questions need to be decided in Canada?--How can you join the debate?
563 |aSoftcover
69007|aCommon-law unions|2gcpds
69007|aMarriage|2gcpds
69007|aSame-sex couples|2gcpds
7760#|tMariage et reconnaissance des unions de conjoints de même sexe |w(CaOODSP)9.630871
7760#|tMarriage and legal recognition of same-sex unions |w(CaOODSP)9.686399
792 |tMariage et reconnaissance des unions de conjoints de même sexe : |efre|w(CaOODSP)9.665134